| 000 | 00369nam a2200133Ia 4500 | ||
|---|---|---|---|
| 008 | 211109s9999||||xx |||||||||||||| ||und|| | ||
| 082 |
_a894.8128 _bJAN-V |
||
| 100 | _aJanardhanan, Kunnathu, | ||
| 245 | 0 | _aVirahathapam | |
| 260 |
_bNATIONAL BOOKSTALL _aKottayam _c1900 |
||
| 630 | _xGeneral Stack | ||
| 650 |
_aMalayalam PoetryMalayalam Essays _xMalayalam |
||
| 942 | _cBOOK | ||
| 999 |
_c1304 _d1304 |
||